000 00374nam a2200157Ia 4500
008 210210b1988 xxu||||| |||| 00| 0 eng d
082 _a576 JOSM
100 _aJOSHUA (Anna K).
245 _aMicrobiology. Ed 4
250 _a
260 _aMadras
_bPopular Book Depot
_c1988
300 _axvi, 318
650 _aMicrobiology
690 _aMicrobiology
906 _a043862
999 _c93198
_d93198